Simbá, o marujo (Record no. 184802)

MARC details
000 -LÍDER
campo de controle de tamanho fixo 00353 a2200169 4500
001 - NÚMERO DE CONTROLE
campo de controle 184802
020 ## - ISBN - INTERNATIONAL STANDARD BOOK NUMBER
ISBN - International Standard Book Number 85-262-7991-9
040 ## - FONTE DA CATALOGAÇÃO
Instituição que transcreveu o registro Magnum
100 ## - ENTRADA PRINCIPAL--NOME PESSOAL
Nome pessoal Braga,edson Rocha
240 10 - TÍTULO UNIFORME
Título uniforme Simbá, o marujo
Idioma da obra por
245 10 - TÍTULO
Título Simbá, o marujo
300 ## - DESCRIÇÃO FÍSICA
Extensão 47
362 0# - DATAS DE PUBLICAÇÃO E/OU DESIGNAÇÃO SEQUENCIAL
Datas de publicação e/ou designação sequencial 2014
440 #1 - DECLARAÇÃO DE SÉRIE/ENTRADA ADICIONADA--TÍTULO
Título Scipione
697 ## - ENTRADA DE ASSUNTO LOCAL--ENTIDADE COLETIVA (RLIN)
Nome corporativo ou nome da jurisdição LITERATURA INFANTO
942 ## - ELEMENTOS DE ENTRADA ADICIONADOS (KOHA)
Tipo de material Koha Livros
Holdings
Situação do descarte Situação das perdas Situação física Não pode ser emprestado Biblioteca de origem Biblioteca atual Data de aquisição Total de empréstimos Número de chamada completo Código de barras Data de último acesso Data do preço efetivo Tipo de material Koha
        Magnum Magnum 08/06/2024   2.869.1.1 MAG00045518 08/06/2024 08/06/2024 Livros
        Magnum Magnum 08/06/2024   2.869.1.1 MAG00045519 08/06/2024 08/06/2024 Livros
        Magnum Magnum 08/06/2024   2.869.1.1 MAG00045520 08/06/2024 08/06/2024 Livros
        Magnum Magnum 08/06/2024   2.869.1.1 MAG00045521 08/06/2024 08/06/2024 Livros
        Magnum Magnum 08/06/2024   2.869.1.1 MAG00045522 08/06/2024 08/06/2024 Livros
        Magnum Magnum 08/06/2024   2.869.1.1 MAG00045523 08/06/2024 08/06/2024 Livros
        Magnum Magnum 08/06/2024   2.869.1.1 MAG00045524 08/06/2024 08/06/2024 Livros
        Magnum Magnum 08/06/2024   2.869.1.1 MAG00045525 08/06/2024 08/06/2024 Livros
        Magnum Magnum 08/06/2024   2.869.1.1 MAG00045526 08/06/2024 08/06/2024 Livros